Peasant farming and growth of capitalism in Indian agriculture (Record no. 348778)

000 -LEADER
fixed length control field 00444cam a22001337a 4500
008 - FIXED-LENGTH DATA ELEMENTS--GENERAL INFORMATION
fixed length control field 180718b1984 xxu||||| |||| 00| 0 eng d
082 ## - DEWEY DECIMAL CLASSIFICATION NUMBER
Classification number Z4x54 K897
245 ## - TITLE STATEMENT
Title Peasant farming and growth of capitalism in Indian agriculture
Statement of responsibility, etc. edited by Y.V. Krishna Rao and others
260 ## - PUBLICATION, DISTRIBUTION, ETC.
Place of publication, distribution, etc. Vijayawada
Name of publisher, distributor, etc. Visaalandhra
Date of publication, distribution, etc. 1984
300 ## - PHYSICAL DESCRIPTION
Extent 440p.
650 ## - SUBJECT ADDED ENTRY--TOPICAL TERM
Topical term or geographic name entry element Farmers - India
650 ## - SUBJECT ADDED ENTRY--TOPICAL TERM
Topical term or geographic name entry element Agriculture - Economic aspects - India
700 ## - ADDED ENTRY--PERSONAL NAME
Personal name Krishna Rao, Y.V.
Holdings
Withdrawn status Lost status Damaged status Not for loan Permanent Location Current Location Date acquired Full call number Barcode Date last seen Price effective from Koha item type
        Indian Institute of Public Administration Indian Institute of Public Administration 1993-10-27 Z4x54 K897 60458 2018-07-21 2018-07-21 Book

Powered by Koha